| 000 | 00346nam a22001337a 4500 | ||
|---|---|---|---|
| 008 | 250311b |||||||| |||| 00| 0 eng d | ||
| 020 | _a9781211253 | ||
| 050 |
_aHC1000 _b.E36 |
||
| 100 | _aEDOZIEN, C . E | ||
| 245 | _aThe Economic Intergration of West Africa | ||
| 260 |
_aIbadan _bIbadan University Press _c19825 |
||
| 300 | _a192p. | ||
| 942 | _cBK | ||
| 999 |
_c2223 _d2223 |
||